[Event "Hannover Ihme Cup"]
[Site "Hannover"]
[Date "2016.05.22"]
[Round "5"]
[White "Roettger, Karl Heinz"]
[Black "Dousa, Robert"]
[Result "0-1"]
[WhiteElo "1075"]
[BlackElo "1501"]
[PlyCount "54"]
[EventDate "2016.05.20"]
[EventType "swiss"]
[EventRounds "5"]
[EventCountry "GER"]
[SourceTitle "CBM 189 Extra"]
[Source "ChessBase"]
[SourceDate "2019.05.31"]
[SourceVersion "1"]
[SourceVersionDate "2019.05.31"]
[SourceQuality "1"]

1. e4 c5 2. Nf3 Nc6 3. d4 cxd4 4. Nxd4 Nf6 5. Nc3 e6 6. Ndb5 Bb4 7. Nd6+ Ke7 8. a3 Bxd6 9. Bg5 Qa5 10. Bd3 Qxg5 11. 0-0 Bxh2+ 12. Kh1 Be5 13. g3 Qh5+ 14. Kg2 Qxd1 15. Raxd1 Bxc3 16. bxc3 Re8 17. f4 d6 18. g4 Nxg4 19. Rfe1 Kf8 20. e5 dxe5 21. fxe5 Ncxe5 22. Bxh7 Nf6 23. Rxe5 Nxh7 24. Rc5 Bd7 25. Rc7 Bc6+ 26. Kg3 Re7 27. Rxe7 Kxe7 0-1

[Event "Hannover Ihme Cup"]
[Site "Hannover"]
[Date "2014.05.09"]
[Round "1"]
[White "Kiesewetter, Oliver"]
[Black "Roettger, Karl Heinz"]
[Result "1-0"]
[WhiteElo "1899"]
[BlackElo "788"]
[PlyCount "39"]
[EventDate "2014.05.09"]
[EventType "swiss"]
[EventRounds "5"]
[EventCountry "GER"]
[SourceTitle "EXT 2021"]
[Source "ChessBase"]
[SourceDate "2020.10.23"]
[SourceVersion "1"]
[SourceVersionDate "2020.10.23"]
[SourceQuality "1"]

1. d4 Nf6 2. Nf3 e6 3. c4 g6 4. Nc3 Bg7 5. g3 d5 6. Bg2 Nbd7 7. b3 c5 8. cxd5 cxd4 9. Nxd4 e5 10. Ndb5 Nb6 11. Ba3 e4 12. Nd6+ Kd7 13. Bh3+ Kc7 14. Ndb5+ Kb8 15. Bd6+ Qxd6 16. Nxd6 Nfxd5 17. Nxc8 Bxc3+ 18. Kf1 Bxa1 19. Nxb6 Nxb6 20. Qd6# 1-0